000 01145cam a22003015a 4500
001 17852479
005 20150608155841.0
008 130814t2014 gaua frb 001 0 eng d
020 _a0881736465 (alk. paper)
020 _z0881736473 (electronic)
020 _a9781439851999 (Taylor & Francis distribution : alk. paper)
040 _aDLC
_cDLC
_dDLC
_dEG-ScBUE
082 0 0 _a658.2
_222
_bROB
100 1 _aRobinson, Tony,
_cMS
_938116
245 1 0 _aHigh-performance buildings :
_ba guide for owners & managers /
_cTony Robinson, MS.
246 3 4 _aHigh-performance buildings :
_ba guide for owners and managers
260 _aLilburn :
_bThe Fairmont Press ;
_aBoca Raton ;
_aLondon :
_bCRC Press / Taylor & Francis Group,
_cc.2014.
300 _axix, 398 p. :
_bill. ;
_c24 cm.
500 _aIndex : p. 393-398.
504 _aBibliography : p. 375-391.
650 0 _aSustainable buildings
_xDesign and construction.
_2BUEsh
650 0 _aBuildings
_xPerformance.
_2BUEsh
_937708
650 0 _aBuildings
_xEnergy conservation.
_2BUEsh
651 _2BUEsh
653 _bENGGEN
_bENGARC
_cJune2015
655 _vreading book
_934232
942 _2ddc
999 _c19484
_d19456